000
00314nam a22001337a 4500
008
171019b xxu||||| |||| 00| 0 eng d
020
_a
0674259858
041
_a
eng
080
_a
338
100
_a
53
101
_a
MEN
245
_a
EQUALITY, THE THIRD WORLD, AND ECONOMIC DELUSION
_c
BAUER,P,T
942
_2
udc
_c
BK
999
_c
34897
_d
34897